Central Library OPAC University of Rajshahi

আমার পরান বন্ধুর লাগিয়া রে : (Record no. 84775)

MARC details
000 -LEADER
fixed length control field 00893nam a2200229 a 4500
001 - CONTROL NUMBER
control field 84775
003 - CONTROL NUMBER IDENTIFIER
rucl marc code BD-RjUL
005 - DATE AND TIME OF LATEST TRANSACTION
control field 20250313104043.0
008 - FIXED-LENGTH DATA ELEMENTS--GENERAL INFORMATION
fixed length control field 250313s2024 bg ||||| |||| 00| 0 ben d
020 ## - INTERNATIONAL STANDARD BOOK NUMBER
International Standard Book Number 9789849303046 :
Terms of availability Tk.2000.00
035 ## - SYSTEM CONTROL NUMBER
System control number (BD-RjUL)84775
040 ## - CATALOGING SOURCE
Original cataloging agency BD-RjUL
Language of cataloging eng
Transcribing agency BD-RjUL
041 ## - LANGUAGE CODE
Language code of text/sound track or separate title ben
082 ## - DEWEY DECIMAL CLASSIFICATION NUMBER
Edition number 23
Classification number 891.441
Author mark and year HOA 2024
100 ## - MAIN ENTRY--PERSONAL NAME
Personal name হোসেন, মোহাম্মদ আখতার
9 (RLIN) 9183
245 ## - TITLE STATEMENT
Title আমার পরান বন্ধুর লাগিয়া রে :
Remainder of title (আধ্যাত্মিক কবিতা) /
Statement of responsibility, etc. মোহাম্মদ আখতার হোসেন
260 ## - PUBLICATION, DISTRIBUTION, ETC. (IMPRINT)
Place of publication, distribution, etc. ঢাকা :
Name of publisher, distributor, etc. প্রত্যাশা প্রকাশনী,
Date of publication, distribution, etc. ২০২৪
300 ## - PHYSICAL DESCRIPTION
Pagination ১৫৫১ পৃ.;
Size ২২ সেমি.
650 ## - SUBJECT ADDED ENTRY--TOPICAL TERM
Topical term or geographic name as entry element বাংলা কবিতা
Topical term or geographic name as entry element Bengali poetry
942 ## - ADDED ENTRY ELEMENTS (KOHA)
Source of classification or shelving scheme Dewey Decimal Classification
Koha item type Books
Holdings
Lost status Source of classification or shelving scheme Damaged status Not for loan Collection code Permanent Location Current Location Shelving location Date acquired Source of acquisition Cost, normal purchase price Total Checkouts Full call number Date last seen Copy number Koha item type
  Dewey Decimal Classification   Not For Loan Non-fiction Central Library, University of Rajshahi Central Library, University of Rajshahi Reading Room 12/03/2025 Author 1700.00   B 891.441 HOA 2024 13/03/2025 C-1 Books
  Dewey Decimal Classification     Non-fiction Central Library, University of Rajshahi Central Library, University of Rajshahi General Stacks 12/03/2025 Author 1700.00   B 891.441 HOA 2024 13/03/2025 C-2 Books
  Dewey Decimal Classification     Non-fiction Central Library, University of Rajshahi Central Library, University of Rajshahi General Stacks 12/03/2025 Author 1700.00   B 891.441 HOA 2024 13/03/2025 C-3 Books
  Dewey Decimal Classification     Non-fiction Central Library, University of Rajshahi Central Library, University of Rajshahi General Stacks 12/03/2025 Author 1700.00   B 891.441 HOA 2024 13/03/2025 C-4 Books
  Dewey Decimal Classification     Non-fiction Central Library, University of Rajshahi Central Library, University of Rajshahi General Stacks 12/03/2025 Author 1700.00   B 891.441 HOA 2024 13/03/2025 C-5 Books